[Event "Wch U14 Girls"]
[Site "Montesilvano"]
[Date "2023.11.16"]
[Round "4"]
[White "Negre, Emilie"]
[Black "Valente, Sofia"]
[Result "1-0"]
[WhiteElo "1871"]
[BlackElo "1604"]
[PlyCount "35"]
[EventDate "2023.11.13"]
[EventType "swiss"]
[EventRounds "11"]
[EventCountry "ITA"]
[SourceTitle "CB48_2023"]
[SourceDate "2023.11.29"]
[SourceVersion "1"]
[SourceVersionDate "2023.11.29"]
[SourceQuality "1"]

1. d4 Nf6 2. c4 c5 3. d5 e6 4. Nc3 exd5 5. cxd5 d6 6. e4 g6 7. h3 Bg7 8. Nf3 0-0 9. Bd3 b5 10. Nxb5 Nxe4 11. Bxe4 Re8 12. Ng5 h6 13. Ne6 Qa5+ 14. Nc3 Bxc3+ 15. bxc3 Bxe6 16. dxe6 Rxe6 17. 0-0 Qxc3 18. Bd2 1-0

[Event "Wch U12 Girls"]
[Site "Batumi"]
[Date "2022.09.26"]
[Round "10"]
[White "Durga, Karthika Lellapalli"]
[Black "Negre, Emilie"]
[Result "0-1"]
[WhiteElo "1203"]
[BlackElo "1722"]
[PlyCount "122"]
[EventDate "2022.09.16"]
[EventType "swiss"]
[EventRounds "11"]
[EventCountry "GEO"]
[SourceTitle "EXT 2023"]
[Source "ChessBase"]
[SourceDate "2022.10.05"]
[SourceVersion "1"]
[SourceVersionDate "2022.10.05"]
[SourceQuality "1"]

1. d4 Nf6 2. c4 e6 3. a3 d5 4. Nc3 c5 5. cxd5 Nxd5 6. Nxd5 Qxd5 7. dxc5 Qxd1+ 8. Kxd1 Bxc5 9. e3 b6 10. b4 Bd6 11. Bb5+ Ke7 12. Bb2 Bb7 13. f3 Nd7 14. Bxd7 Kxd7 15. Rc1 Rac8 16. Ne2 Rxc1+ 17. Kxc1 Rc8+ 18. Kd2 f6 19. h3 Ba6 20. Rc1 Rxc1 21. Bxc1 Kc6 22. Nd4+ Kd5 23. b5 e5 24. Nf5 Bxb5 25. Nxd6 Kxd6 26. g3 Kd5 27. Kc3 Bf1 28. h4 Bg2 29. f4 Ke4 30. g4 Kf3 31. g5 Kg4 32. gxf6 gxf6 33. fxe5 fxe5 34. Kd3 Kxh4 35. Bb2 e4+ 36. Ke2 Kg4 37. Kf2 Bf3 38. Bd4 h5 39. Be5 h4 40. Bd6 h3 41. Kg1 Kf5 42. Kf2 Ke6 43. Bf4 b5 44. Kg3 Bg2 45. Bc7 Kd5 46. Ba5 Kc4 47. Bb4 Kb3 48. Kf2 a5 49. Bxa5 Kxa3 50. Bc7 b4 51. Ke2 b3 52. Kd2 b2 53. Kc2 Ka2 54. Bh2 b1Q+ 55. Kc3 Qb5 56. Bg3 Ka3 57. Kd4 Kb3 58. Bf4 Bf1 59. Bg3 Qf5 60. Bf4 Bc4 61. Bg3 Qd5# 0-1

[Event "Wch U12 Girls"]
[Site "Batumi"]
[Date "2022.09.25"]
[Round "9"]
[White "Pritulina, Nadezhda"]
[Black "Negre, Emilie"]
[Result "0-1"]
[WhiteElo "1125"]
[BlackElo "1722"]
[PlyCount "40"]
[EventDate "2022.09.16"]
[EventType "swiss"]
[EventRounds "11"]
[EventCountry "GEO"]
[SourceTitle "EXT 2023"]
[Source "ChessBase"]
[SourceDate "2022.10.05"]
[SourceVersion "1"]
[SourceVersionDate "2022.10.05"]
[SourceQuality "1"]

1. e4 e5 2. Nf3 Nc6 3. Bb5 a6 4. Ba4 Nf6 5. 0-0 Be7 6. d3 b5 7. Bb3 d6 8. Nc3 Na5 9. Nd5 Bb7 10. Nxf6+ Bxf6 11. Bd2 Nxb3 12. axb3 0-0 13. c4 Qd7 14. h3 Be7 15. Nh2 f5 16. exf5 Qxf5 17. Ba5 Rf6 18. Ng4 Rg6 19. Ne3 Rxg2+ 20. Nxg2 Bf3 0-1

[Event "Trophee Roza Lallemand Online"]
[Site "Tornelo INT"]
[Date "2020.12.13"]
[Round "4"]
[White "Cornileau, Juliette"]
[Black "Negre, Emilie"]
[Result "1-0"]
[WhiteElo "1868"]
[BlackElo "1482"]
[PlyCount "63"]
[EventDate "2020.12.13"]
[EventType "swiss (rapid)"]
[EventRounds "9"]
[EventCountry "USA"]
[SourceTitle "EXT 2022"]
[Source "ChessBase"]
[SourceDate "2021.10.06"]
[SourceVersion "1"]
[SourceVersionDate "2021.10.06"]
[SourceQuality "1"]

1. d4 Nf6 2. c4 e6 3. Nc3 Bb4 4. Nf3 c5 5. e3 d5 6. cxd5 Nxd5 7. Bd2 cxd4 8. exd4 Nc6 9. Bb5 Bxc3 10. bxc3 Bd7 11. 0-0 a6 12. Ba4 0-0 13. Rb1 b5 14. Bb3 Nb6 15. Re1 Na5 16. Bg5 Qc7 17. Qd3 Nac4 18. Bc2 f5 19. Ne5 Nxe5 20. Rxe5 Nc4 21. Rc5 Qd6 22. Bb3 Na3 23. Re1 Rac8 24. Rce5 Rfe8 25. Rxf5 Kh8 26. Rf7 e5 27. Qf3 exd4 28. Ree7 h6 29. Rxg7 Rxe7 30. Rxe7 Qg6 31. Bf6+ Qxf6 32. Qxf6# 1-0

[Event "Trophee Roza Lallemand Online"]
[Site "Tornelo INT"]
[Date "2020.12.13"]
[Round "8"]
[White "Kouam, Maelis"]
[Black "Negre, Emilie"]
[Result "0-1"]
[WhiteElo "1007"]
[BlackElo "1482"]
[PlyCount "44"]
[EventDate "2020.12.13"]
[EventType "swiss (rapid)"]
[EventRounds "9"]
[EventCountry "USA"]
[SourceTitle "EXT 2022"]
[Source "ChessBase"]
[SourceDate "2021.10.06"]
[SourceVersion "1"]
[SourceVersionDate "2021.10.06"]
[SourceQuality "1"]

1. e4 e5 2. Nf3 Nc6 3. Bb5 a6 4. Bxc6 dxc6 5. Nxe5 Qd4 6. Nf3 Qxe4+ 7. Qe2 Qxe2+ 8. Kxe2 Nf6 9. Nc3 Bf5 10. d3 0-0-0 11. Bf4 Bc5 12. Ne5 Rhe8 13. Kf3 Be6 14. Ne4 Nxe4 15. Kxe4 Bd5+ 16. Kf5 g6+ 17. Kf6 Be7+ 18. Kg7 h5 19. Nxf7 Rg8+ 20. Kh7 Bxf7 21. Kh6 Bf6 22. Kh7 Rh8# 0-1

[Event "Wch FIDE Online U10 Girls Europe qual"]
[Site "Tornelo INT"]
[Date "2020.12.09"]
[Round "6"]
[White "Dicen, Elis Denele"]
[Black "Negre, Emilie"]
[Result "1-0"]
[WhiteElo "1413"]
[BlackElo "1382"]
[PlyCount "27"]
[EventDate "2020.12.07"]
[EventType "swiss (rapid)"]
[EventRounds "7"]
[EventCountry "ISS"]
[SourceTitle "EXT 2022"]
[Source "ChessBase"]
[SourceDate "2021.10.06"]
[SourceVersion "1"]
[SourceVersionDate "2021.10.06"]
[SourceQuality "1"]

1. d4 d5 2. Bf4 c5 3. e3 Qb6 4. Nc3 Qxb2 5. Nxd5 Bd7 6. Nc7+ Kd8 7. Rb1 Qxa2 8. Nxa8 Qa5+ 9. Qd2 Qa2 10. Rd1 Nc6 11. dxc5 Nf6 12. Bb5 Kc8 13. Bxc6 bxc6 14. Qb4 1-0